000
00282nam a22001337a 4500
008
181005b xxu||||| |||| 00| 0 eng d
020
_a
0520070836
041
_a
eng
080
_a
316
100
_a
50
101
_a
SOC
245
_a
Ethnic Options
_c
Waters, M.C
942
_2
udc
_c
BK
999
_c
48927
_d
48927